| 000 | 00705cam a22002291a 4500 | ||
|---|---|---|---|
| 001 | ne 65000505 | ||
| 003 | DLC | ||
| 005 | 20260227111811.0 | ||
| 008 | 850426s1964 ua 001 0 arar | ||
| 010 | _ane 65000505 | ||
| 035 | _a(OCoLC)11966174 | ||
| 040 |
_aDLC _cTxU-L _dTxU-L _dDLC |
||
| 042 | _apremarc | ||
| 050 | 0 | 0 |
_aKRM1270 _b.Y24 1964 |
| 100 | 1 | _aYaḥyá, ʻAbd al-Wadūd. | |
| 245 | 1 | 0 |
_aSharḥ qānūn al-ʻamal / _cʻAbd al-Wadūd Yaḥyā. |
| 250 | _aal-Ṭabʻah 1. | ||
| 260 |
_aal-Qāhirah : _bMaktabat al-Qāhirah al-Ḥadīthah, _c1964. |
||
| 300 |
_a422 p. ; _c24 cm. |
||
| 504 | _aIncludes bibliographical references and index. | ||
| 650 | 0 |
_aLabor laws and legislation _zEgypt. |
|
| 999 |
_c47966 _d47966 |
||